|
|
|
|
| LEADER |
00000ngm a22000007i 4500 |
| 001 |
IT\ICCU\UBO\3295684 |
| 003 |
ItRI |
| 005 |
20260124182918.0 |
| 008 |
071008s1987 it |||||||||||||||k|||||c |
| 040 |
|
|
|b ita
|
| 041 |
|
7 |
|a ita
|2 ISO-639-2
|
| 130 |
0 |
|
|a Io, Caligola <film ; 1979>
|3 IT\ICCU\UBO\3295687
|
| 245 |
0 |
0 |
|a Io, Caligola /
|c [regia] di Tinto Brass.
|
| 260 |
|
|
|a Milano :
|b Eden,
|c 1987
|
| 300 |
|
|
|a 1 videocassetta (VHS)(130 min.) :
|b colore, son
|
| 500 |
|
|
|a Tit. del contenitore
|
| 500 |
|
|
|a Film del 1979, prod. Italia/USA; interpreti: Malcolm Mc Dowell, Teresa Ann Savoy, Helen Mirren, Peter O'Toole, John Gielgud.
|
| 700 |
1 |
|
|a O'Toole, Peter
|0 IT\ICCU\MILV\101607
|
| 700 |
1 |
|
|a Mirren, Helen
|0 IT\ICCU\RAVV\094506
|
| 700 |
1 |
|
|a Gielgud, John
|0 IT\ICCU\VEAV\016112
|
| 942 |
|
|
|2 ddc
|c VM
|n 0
|
| 952 |
|
|
|0 0
|1 0
|4 0
|6 VO_266_000000000000000
|7 0
|9 27944
|a BO
|b BO
|d 2026-01-24
|i 6866
|l 0
|o VO 266
|p BO6866
|r 2026-01-24 18:29:18
|w 2026-01-24
|x [Sebina 5] [1 videocassetta]
|y VM
|z 1 videocassetta
|
| 999 |
|
|
|c 23689
|d 23689
|